000 01237cam a2200325 a 4500
999 _c20995
_d20995
001 3017577
003 OSt
005 20170120160157.0
008 940823s1995 njua 001 0 eng
010 _a 94067717
020 _a0878919627
040 _aDLC
_cDLC
_dDLC
050 0 0 _aQA 43 .R43 1999
082 0 0 _a513/.14/076
_220
100 _a(Edited by M. Fogiel)
_d1999
245 0 4 _aThe SAT I math tutor /
_cstaff of Research and Education Association ; M. Fogiel, chief editor.
246 3 _aSAT one math tutor
246 3 _aSAT 1 math tutor
260 _aPiscataway, N.J. :
_bThe Association,
_c1995.
300 _ax, 338 p. :
_bill. ;
_c26 cm.
440 4 _aThe high school tutor series
500 _aIncludes index.
650 0 _aMathematics
_xExaminations
_xStudy guides.
650 0 _aSAT (Educational test)
_xStudy guides.
700 1 _aFogiel, M.
_q(Max)
710 2 _aResearch and Education Association.
856 4 2 _3Publisher description
_uhttp://www.loc.gov/catdir/enhancements/fy1401/94067717-d.html
906 _a7
_bcbc
_corignew
_d2
_eopcn
_f19
_gy-gencatlg
942 _2lcc
_cBOOKS
_hQA 43 .R43 1999
_k29060